|
|
|
|
| LEADER |
01083nam a22003012a 4500 |
| 001 |
001106970 |
| 003 |
CZ BrMZK |
| 005 |
20101214102831.0 |
| 007 |
ta |
| 008 |
100722s1982 xr a er|||||||||||cze d |
| 015 |
|
|
|a cnb000005429
|
| 035 |
|
|
|a (OCoLC)9698632
|
| 040 |
|
|
|a ABA001
|b cze
|d ABA001
|d BOA001
|
| 080 |
9 |
|
|a 82-14
|
| 080 |
9 |
|
|a 784.3
|
| 100 |
1 |
|
|a Kopta, Pavel,
|d 1930-1988
|7 jk01061755
|4 aut
|
| 245 |
1 |
0 |
|a Abeceda /
|c Pavel Kopta ; doslov napsal a rejstřík doplnil Hynek Žalčík ; ilustroval Jiří Suchý
|
| 250 |
|
|
|a 1. vyd.
|
| 260 |
|
|
|a Praha :
|b Práce,
|c 1982
|
| 300 |
|
|
|a 254 s. :
|b il. ;
|c 20 cm
|
| 504 |
|
|
|a Obsahuje bibliografii
|
| 700 |
1 |
|
|a Suchý, Jiří,
|d 1931 říjen 1.-
|7 jk01121734
|4 ill
|
| 700 |
1 |
|
|a Žalčík, Hynek,
|d 1949-2005
|7 jn20000402961
|4 aut
|4 wfw
|
| 856 |
4 |
1 |
|u http://www.digitalniknihovna.cz/mzk/uuid/uuid:81d66810-6ebe-11e2-b1d4-005056827e51
|y Digitalizovaný dokument
|x NDK
|
| 910 |
|
|
|a BOA001
|b 2-0862.022
|
| 990 |
|
|
|a BK
|
| 991 |
|
|
|b 201007
|
| 996 |
6 |
|
|b 2619349080
|c 2-0862.022
|l MZK
|r Sklad / do 1 hodiny
|n 3
|w 001134282
|u 000010
|a 1
|e BOA001
|j MZK50
|s P
|